| 000 | 01765cam a2200349 4500 | ||
|---|---|---|---|
| 008 | 011019n2010 000 0 eng u | ||
| 020 | _a9781444328684 | ||
| 035 | _a(Sirsi) u157255 | ||
| 041 | _aeng. | ||
| 050 | _a711.52 | ||
| 100 | _aSyms, P. | ||
| 245 |
_aLand, development and design _h[electronic resource] |
||
| 250 | _a2nd ed. | ||
| 260 |
_aOxford _bBlackwell _c2010 |
||
| 300 | _aEbook | ||
| 350 | _a49.99 | ||
| 520 | _aDevelopment of brownfield land can address shortfalls in the availability of land for housing and other buildings, but these sites present a range of problems that must be overcome in any successful development. Land, Development and Design addresses all of the issues in the context of the reuse of urban land, providing a solid, readable overview of the principles and practice of the regeneration of brownfield sites. Divided into four parts, covering the development process and planning policies; site assessment, risk analysis and remediation of contaminated land; development issues and finally design issues, the principal focus of the book is on the reuse of urban land. It includes a full discussion of contaminated land, so that readers are aware of the issues and options available to resolve this problem. | ||
| 650 | _aTOWN PLANNING | ||
| 650 | 2 | 4 | _aEBOOK |
| 650 | _aURBAN REGENERATION | ||
| 650 | _aBUILT ENVIRONMENT | ||
| 650 | _aCONTAMINATED LAND | ||
| 650 | _aLAND DEVELOPMENT | ||
| 650 |
_aPlanning and development _96259 |
||
| 650 | _aENVIRONMENTAL ISSUES | ||
| 650 | _aMASTERPLANS | ||
| 650 | _aDESIGN | ||
| 651 | 4 | _aENGLAND AND WALES | |
| 690 | _aREGENERATION | ||
| 856 | 4 | 0 |
_uhttps://www.vlebooks.com/ _zView on VLEbooks. Logins for members only from [email protected] |
| 942 | _n0 | ||
| 999 |
_c114680 _d114680 |
||